000 00805cam a22002293a 4500
001 24809
003 PGUSA
005 20140828083532.0
008 080312s2008||||xxu|||||s|||||000 | eng d
040 _aPGUSA
_beng
042 _adc
050 4 _aTN
100 1 _aCrassier, L.-M.-G de
245 1 0 _aTraité des Arènes :
_bconstruites au Pays de Liége, pour l'écoulement et l'épuisement des eaux dans les ouvrages souterrains des exploitations de mines de houille
_h[electronic resource] /
_cL.-M.-G de Crassier
260 _bProject Gutenberg,
_c2008
506 _aPublic domain in the USA.
516 _aElectronic text
653 _aCoal mines and mining -- Belgium -- Liège (Province)
830 0 _aProject Gutenberg
_v24809
856 4 0 _uhttp://www.gutenberg.org/ebooks/24809
942 _cEB
999 _c254064
_d254064